Missing Time Multiple Choice Quiz Stats

 Plays Quiz Updated Sep 27, 2017

Challenge
Share
Tweet
Embed
Score 0/40 Timer 05:00
8 Plays Today
Question Answer Wrong Answers
The 40-_____-Old Virgin
Steve Carell comedy
Year
93.4%
Day
0.3%
Week
0.2%
Month
0.1%
Terminator 2: Judgment _____
Arnold Schwarzenegger film
Day
92.9%
Week
0.5%
Month
0.1%
Year
0.3%
Go ahead, make my _____
Clint Eastwood catchphrase from 'Sudden Impact'
Day
92.8%
Week
0.5%
Month
0.1%
Year
0.4%
April is the cruellest _____
Opening line to 'The Wasteland' by T.S. Eliot
Month
92.6%
Day
0.8%
Week
0.3%
Year
0.2%
The _____ the Earth Stood Still
Classic science fiction film
Day
92.5%
Week
0.3%
Month
0.1%
Year
0.8%
Every dog has its _____
Idiom meaning that you'll get your chance
Day
91.4%
Week
0.8%
Month
0.5%
Year
0.9%
Green _____
'American Idiot' band
Day
90.7%
Week
1.4%
Month
0.8%
Year
0.8%
Still Crazy After All These _____
Paul Simon song and album
Years
90.7%
Days
1.9%
Weeks
0.7%
Months
0.6%
Beautiful _____
U2 song
Day
90.4%
Week
0.8%
Month
0.8%
Year
1.6%
A _____ at the Races
Marx Brothers movie (and Queen album)
Day
89.4%
Week
2.9%
Month
0.7%
Year
0.7%
One _____ at a Time
Classic American sitcom
Day
88.5%
Week
2.7%
Month
0.9%
Year
1.5%
Four Score and Seven _____ Ago
Beginning of the Gettysburg Address
Years
88.4%
Days
2.5%
Weeks
1.7%
Months
1%
The Merry _____ of May
Thomas Dekker poem
Month
86.9%
Day
4.5%
Week
2%
Year
0.3%
The Seven _____ Itch
Marilyn Monroe movie
Year
86.8%
Day
3.7%
Week
1.9%
Month
1.3%
A Cold _____ in Hell
Idiom meaning that something will never happen
Day
85.8%
Week
3.8%
Month
1.7%
Year
2.4%
Shark _____
Discovery Channel programming event
Week
85.1%
Day
2.9%
Month
4.8%
Year
0.9%
A _____ in the Life
Beatles Song
Day
82.8%
Week
2.7%
Month
0.6%
Year
7.5%
Employee of the _____
Dane Cook comedy movie
Month
81.4%
Day
0.6%
Week
7%
Year
4.9%
Gap _____
Extended break between high school and college
Year
81.3%
Day
1.3%
Week
5.7%
Month
5.4%
Golden _____
Time after retirement, or a David Bowie song
Years
79.3%
Days
13.3%
Weeks
0.8%
Months
0.5%
Holy _____
Period between Palm Sunday and Easter Sunday
Week
76.2%
Day
9.7%
Month
7.2%
Year
0.6%
Last _____ Tonight
John Oliver comedy-news show
Week
75.6%
Day
12.7%
Month
1.6%
Year
3.5%
12 _____ a Slave
Oscar winning film starring Chiwetel Ejiofor
Years
75.6%
Days
2.5%
Weeks
14.2%
Months
1.5%
Nine _____
Hugh Grant/Julianne Moore comedy about pregnancy
Months
73.7%
Days
3.8%
Weeks
15.4%
Years
1.1%
1st of tha _____
Bone Thugs-n-Harmony song
Month
71.7%
Day
5.9%
Week
8.2%
Year
7.6%
The Five-_____ Engagement
Jason Segel/Emily Blunt romantic comedy
Year
70.9%
Day
7.8%
Week
10.9%
Month
4.1%
It Was a Very Good _____
Frank Sinatra song
Year
63.4%
Day
25.3%
Week
4.1%
Month
1.2%
One Hundred _____ of Solitude
Gabriel Garcia Marquez novel
Years
58.4%
Days
30.6%
Weeks
3.8%
Months
1%
My _____ with Marilyn
Michelle Williams/Kenneth Branagh film
Week
57.2%
Day
13.9%
Month
8%
Year
14.5%
_____ One
Jack Black and Michael Cera movie
Year
56.1%
Day
30.4%
Week
6.4%
Month
0.5%
A _____ of Sundays
John Updike novel; Anthony LaPaglia movie; saying meaning unlikely to happen
Month
55.4%
Day
1.6%
Week
26.1%
Year
10.6%
Labours of the _____
Depictions of medieval work; often tied to the zodiac
Months
52.8%
Days
11.2%
Weeks
8.5%
Years
20.6%
Hate _____
Critical plot element in George Orwell's '1984'
Week
52%
Day
22.9%
Month
9.3%
Year
8.9%
One _____
Barenaked Ladies' signature song
Week
49.6%
Day
35.6%
Month
3.4%
Year
4.7%
The Twelve _____
Greek fairy tale
Months
49.3%
Days
30.6%
Weeks
8.1%
Years
5.6%
Mock the _____
British celebrity panel show
Week
48%
Day
25.3%
Month
12.6%
Year
7%
That Was the _____ That Was
1960s BBC satire presented by David Frost
Week
44.3%
Day
17.4%
Month
15.8%
Year
16.2%
The Longest _____
Film starring Olivia Wilde, Jason Bateman, and Crudup
Week
17.7%
Day
54.7%
Month
4.3%
Year
16.9%
A _____ in the Country
Booker prize winning novel (and its Colin Firth adaptation)
Month
16.6%
Day
28.1%
Week
22.4%
Year
26.3%
The cleverest of all...is the man who calls himself a fool at least once a _____
Fyodor Dostoevsky quote
Month
15.9%
Day
65.7%
Week
8.4%
Year
3.6%

You're not logged in!

Compare scores with friends on all Sporcle quizzes.
OR
Log In

You Might Also Like...

Show Comments

Extras

Top Quizzes Today


Score Distribution

Your Account Isn't Verified!

In order to create a playlist on Sporcle, you need to verify the email address you used during registration. Go to your Sporcle Settings to finish the process.

Report this User

Report this user for behavior that violates our Community Guidelines.

Details: